| 000 | nam a22 a 4500 | ||
|---|---|---|---|
| 999 |
_c1950 _d1950 |
||
| 005 | 20170512150503.0 | ||
| 008 | 1 s1988 enk || 001 ||eng d | ||
| 020 | _a1854310259 | ||
| 040 | _aAKMAL | ||
| 082 | _a347.06 MUR | ||
| 090 |
_a347.06 _bMUR |
||
| 100 |
_aMurphy, Peter, _d1946- _94044 |
||
| 245 | 1 | 2 |
_aA practical approach to evidence / _c Peter Murphy |
| 250 | _a3rd ed | ||
| 260 |
_aLondon _bBlackstone _c1988 |
||
| 300 |
_axlvii,547p. _c23 cm |
||
| 500 | _aPrevious ed.: London : Financial Training, 1985. | ||
| 599 | _aDALAM PROSES | ||
| 650 |
_aEvidence (Law) _zEngland. _94039 |
||
| 830 |
_a British Library _nHMNTS _94045 |
||
| 942 |
_2ddc _cBOOK |
||